000 00844nam a2200265Ia 4500
003 OSt
005 20221005042702.0
006 a|||||r|||| 00| 0
007 ta
008 221004b |||||||| |||| 00| 0 eng d
020 _a9781844652303 (pbk)
_c1096.21
024 _a106059
037 _b10-11046, 14/03/2011, Atlantic Publisher & Dist. Pvt Ltd.
_cTextual
040 _aCRL
_cCRL
_beng
041 _2eng
_aeng
082 _aR853xN37:g, Q0
100 _aBartlett A.J. Ed.
245 0 _aAlain Badiou
_b Key concepts
260 _aDuhram
_bAcumen
_c2010
300 _axiii,207p.
_ccm.
650 _aPHILOSOPHY
700 _a Clemens Justin Ed.
942 _hR853xN37:g, Q0
_cTEXL
_2cc
999 _c950673
_d950673